| 000 | 01499 a2200229 4500 | ||
|---|---|---|---|
| 001 | 45670 | ||
| 005 | 20260407155728.0 | ||
| 008 | 260407a2003 arg spa d | ||
| 003 | AR-UNSa-BCEJYS | ||
| 040 |
_aAR-UNSa-BCEJYS _bspa _cAR-UNSa-BCEJYS |
||
| 080 |
_a331.5(892) _xMercado de Trabajo. Empleo en Paraguay |
||
| 245 | 1 | 0 |
_aParaguay _pEmpleo y protección social. Desafíos institucionales para reducir la pobreza |
| 020 | _a92-2-314290-3 | ||
| 264 | 1 |
_aSantiago : _bOIT _c2003 |
|
| 300 |
_a384 p. _c23 cm. |
||
| 505 | _a1. Mercado de trabajo, instituciones y pobreza: Interrelaciones y desafíos en Paraguay / Fabio Bertranou, Andrés Marinakis y Gerhard Reinecke - 2. Mercado laboral en el Paraguay / Jaime Gatica y Carlos Carrera - 3. El régimen de salarios mínimos / Mario Damill y Roberto Frenkel - 4. MIPYMES: Diagnóstico y políticas para su formalización/ Dionisio Borda - 5. Cobertura de la protección social en salud, jubilaciones y pensiones / Andrea Sánchez - 6. Análisis de las reformas propuestas al sistema de jubilaciones y pensiones /Rodolfo Saldain - 7. Evaluación actuarial y proyecciones 2000-2050 del régimen de jubilaciones y pensiones administrado por el Instituto de Previsión Social / Carlos Grushka y Debora Altieri. | ||
| 041 | _aspa | ||
| 942 | _cBK | ||
| 590 | _aniveau_biblio:m niveau_hierar:0 | ||
| 100 | 1 | _aOficina Internacional del Trabajo | |
| 856 | 4 | 1 |
_uhttps://www.biblioeco.unsa.edu.ar/pmb/images/libros/L127161.jpg _yImagen de portada _qimage/jpeg |
| 999 |
_c3980 _d3980 |
||